| 000 | 00432nam a2200133Ia 4500 | ||
|---|---|---|---|
| 008 | 210210b1995 xxu||||| |||| 00| 0 eng d | ||
| 082 | _a158.1 WARS | ||
| 100 | _aWARREN (Eve) and TOLL (Caroline). | ||
| 245 | _aStress work Book: how individuals teams and organisations can balance pressure and performance. | ||
| 260 |
_aLondon _bNicholas Brealey Publishing _c1995 |
||
| 300 | _a184 | ||
| 690 | _aApplied Psychology | ||
| 906 | _a050923 | ||
| 999 |
_c99463 _d99463 |
||